Statystyki dla Prezesi Młodzieży Wszechpolskiej

Kliknij tutaj aby rozwiązać quiz!

Ogólne statystyki

  • Ten quiz został rozwiązany 4 razy
  • Średni wynik to 12 z 17

Statystyki odpowiedzi

LataPrezes% Poprawnych
2005-2006Krzysztof Bosak
100%
2004-2005Radosław Parda
100%
1989-1994Roman Giertych
100%
1999-2000Wojciech Wierzejski
100%
2018-2022Ziemowit Przebitkowski
100%
2015-2016Adam Andruszkiewicz
67%
2016-2018Bartosz Berk
67%
1995-1997Dariusz Wasilewski
67%
2006-2009Konrad Bonisławski
67%
2022-2024Marcin Kowalski
67%
2002-2004Piotr Ślusarczyk
67%
2009-2013Robert Winnicki
67%
2013-2015Tomasz Pałasz
67%
1994-1995Damian Pukacki
33%
2000-2002Maciej Twaróg
33%
2005-2005Marcin Kubiński
33%
1997-1999Piotr Sosiński
33%

Rozkład punktacji

Percentyl według liczby udzielonych odpowiedzi

Procent ludzi z każdym wynikiem

Twoja historia wyników

Nie rozwiązałeś tego quizu